Musical Acts by State - Nebraska - Statistics

General Stats
  • This quiz has been taken 35 times
  • The average score is 4 of 30
Answer Stats
City/Town Songs Answer % Correct
Omaha Amber | Love Song 311
46%
Lincoln In the Year 2525 (Exordium & Terminus) | Mr. Turnkey Zager and Evans
42%
Omaha Cheek To Cheek | Puttin' On The Ritz Fred Astaire
38%
Omaha Boomerang | Kid In A Candy Store JoJo Siwa
35%
Norfolk You're A Mean One, Mr. Grinch | The Headless Horseman Thurl Ravenscroft
35%
Lincoln Girlfriend | Sick Of Myself Matthew Sweet
27%
Omaha First Day Of My Life | Lua Bright Eyes
23%
Omaha Them Changes | Down By The River Buddy Miles
12%
Omaha No One Compares To You | Wild Life Jack & Jack
12%
David City Shine On, Harvest Moon | Love Me Or Leave Me Ruth Etting
12%
Omaha The Recluse | From The Hips Cursive
8%
Fremont She's The Girl Of My Dreams | The Closer You Get Don King
8%
Columbus Daisy Bell | Bicycle Built For Two Max Mathews
8%
Hastings Batman Theme | The Odd Couple Theme Neal Hefti
8%
Scottsbluff Hearts On Fire | Deep Inside My Heart Randy Meisner
8%
Lincoln Calls Me Home | Alcohol Shannon LaBrie
8%
Omaha I Disappear | The Geeks Were Right The Faint
8%
Spalding Lovin' Her Was Easier (Than Anything I'll Ever Do Again) | California Girl (And The Tennessee Square) Tompall & the Glaser Brothers
8%
Omaha Grandma Plays The Numbers | Bloodshot Eyes Wynonie Harris
8%
Omaha Cycle | Babes Icky Blossoms
4%
Royal I Thought Of You Last Night | It's Delovely Jeri Southern
4%
Oshkosh Flight Attendant | 1972 Josh Rouse
4%
Lincoln Coal War | Crash This Train Joshua James
4%
Seward Sugar Daddy | Sad In The Nineties Qveen Herby
4%
Lincoln All Along | Daylight Remedy Drive
4%
Omaha Girl Next Door | Usually Sk8
4%
Omaha No Lies, Just Love | Going For The Gold Son, Ambulance
4%
Omaha All Animal | Breathe Through Fire
4%
Omaha Pot Kettle Black | Beat Control Tilly and the Wall
4%
Omaha Something Beautiful | Forever Starts Today Tim Halperin
4%
No matching quizzes found
Score Distribution
Percent of People with Each Score
Percentile by Number Answered
Your Score History
You have not taken this quiz